Szczegóły MARC21

Rachunkowość fundacji, stowarzyszeń i organizacji pożytku publicznego /

003 -Nazwa inst., której nr kontr. jest w polu 001 [,]
    • @
    • Nazwa instytucji, której n kontrolny jest w polu 001
    • NUKAT
005 -DATA I CZAS OSTATNIEJ MODYFIKACJI [,]
    • @
    • pole kontrolne
    • 20241231115844.0
020 -Międzynarod. znormalizowany nr książki - ISBN [ , ]
    • a
    • Numer ISBN
    • 9788374265041 Find
040 -Instytucja sporządzająca opis [ , ]
    • a
    • Instytucja, która sporządziła opis (NP)
    • WA 14/DG
    • c
    • Instytucja, która sporządziła rekord (NP)
    • WA 14/DG
942 -Rodzaj dokumentu [ , ]
    • c
    • Rodzaj dokumentu
    • Książka
100 -Hasło główne - nazwa osobowa [1, ]
    • a
    • Nazwa osobowa (NP)
    • Dworowska, Wioletta.
    • 9
    • KHW
    • 91119
245 -Strefa tytułu i oznaczenia odpowiedzialności [1,0]
    • a
    • Tytuł
    • Rachunkowość fundacji, stowarzyszeń i organizacji pożytku publicznego / Find
    • c
    • Pozostałe elementy strefy tytułu i oznaczenia odpowiedzialności (NP)
    • Wioletta Dworowska.
250 -Strefa wydania [ , ]
    • a
    • Oznaczenie wydania (NP)
    • Wyd. 3 uaktual. Stan prawny na 1 stycznia 2008 r.
260 -Strefa adresu wydawniczego [ , ]
    • a
    • Miejsce wydania (P)
    • Gdańsk :
    • b
    • Nazwa wydawcy (P)
    • Ośrodek Doradztwa i Doskonalenia Kadr,
    • c
    • Data wydania (P)
    • 2008.
300 -Strefa opisu fizycznego [ , ]
    • a
    • Określenie formy książki i/lub objętość (NP)
    • 180 s. ;
    • c
    • Format (NP)
    • 24 cm.
336 -Typ zawartości [ , ]
    • a
    • Termin opisujący typ zawartości
    • Tekst
    • b
    • Kod określający zawartość
    • txt
    • 2
    • Źródło (terminu i kodu)
    • rdacontent
337 -Typ mediów [ , ]
    • a
    • Tryb odtwarzania
    • Bez urządzenia pośredniczącego
    • b
    • Kod typu mediów
    • n
    • 2
    • Źródło (terminu i kodu)
    • rdamedia
338 -Typ/rodzaj nośnika [ , ]
    • a
    • Hasło opisujące typ nośnika
    • Wolumin
    • b
    • Kod typu nośnika
    • nc
    • 2
    • Źródło (terminu i kodu)
    • rdacarrier
504 -Uwaga dot. bibliogr. załącznikowej [ , ]
    • a
    • Uwaga dot. bibliografii załącznikowej
    • Bibliogr. s. 139.
080 -Uniwersalna Klasyfikacja Dziesiętna [ , ]
    • 2
    • Identyfikator wydania tablic
    • UDC-P058
    • 9
    • UKD
    • 3526
    • a
    • Symbol klasyfikacji
    • 347.191.11
    • b
    • Dopowiedzenie
    • Stowarzyszenia. Organizacje użyteczności publicznej.
    • 4
    • UKD2
    • 7642
    • x
    • Poddział wspólny
    • (438)
    • c
    • Dopowiedzenie poddz. wspólnego
    • (Polska).
080 -Uniwersalna Klasyfikacja Dziesiętna [ , ]
    • 2
    • Identyfikator wydania tablic
    • UDC-P058
    • 9
    • UKD
    • 3527
    • a
    • Symbol klasyfikacji
    • 347.191.12
    • b
    • Dopowiedzenie
    • Fundacje.
    • 4
    • UKD2
    • 7642
    • x
    • Poddział wspólny
    • (438)
    • c
    • Dopowiedzenie poddz. wspólnego
    • (Polska).
080 -Uniwersalna Klasyfikacja Dziesiętna [ , ]
    • 2
    • Identyfikator wydania tablic
    • UDC-P058
    • 9
    • UKD
    • 3512
    • a
    • Symbol klasyfikacji
    • 346.52
    • b
    • Dopowiedzenie
    • Rachunkowość podmiotów gospodarczych.
    • 4
    • UKD2
    • 7642
    • x
    • Poddział wspólny
    • (438)
    • c
    • Dopowiedzenie poddz. wspólnego
    • (Polska).
080 -Uniwersalna Klasyfikacja Dziesiętna [ , ]
    • 2
    • Identyfikator wydania tablic
    • UDC-P058
    • 9
    • UKD
    • 5580
    • a
    • Symbol klasyfikacji
    • 657
    • b
    • Dopowiedzenie
    • Rachunkowość. Księgowość.
650 -Hasło przedmiotowe [ ,7]
    • a
    • Hasło przedmiotowe
    • Organizacje non profit
    • z
    • Określnik geograficzny
    • Polska
    • x
    • Określnik rzeczowy
    • rachunkowość.
    • 2
    • Źródło terminu
    • kaba
    • 9
    • KHW
    • 386363
980 -Symbol UKD [ , ]
    • a
    • UKD
    • 347.191.11:347.191.12:346.52](438):657
710 -Hasło dodatkowe - nazwa ciała zbiorowego [2, ]
    • a
    • Nazwa ciała zbiorowego lub nazwa geograficzna jako pierwszy element (NP)
    • Ośrodek Doradztwa i Doskonalenia Kadr (Gdańsk).
    • 4
    • Kod relacji
    • pbl
    • 9
    • KHW
    • 53467
920 -ISBN [ , ]
    • a
    • ISBN
    • 978-83-7426-504-1 Find
Sygnatura Numer inwentarzowy Status udost. Lokalizacja Data inwentaryzacji
346GW.8192-3GW2016-06-01
T.19087T.19087-2T2016-01-20